Diario di una puttana santa

Đã lưu trong:
Chi tiết về thư mục
Tác giả chính: Torriglia, Gianluigi
Định dạng: Sách
Ngôn ngữ:Tiếng Anh
Được phát hành: Libroitaliano World 2008
Các nhãn: Thêm thẻ
Không có thẻ, Là người đầu tiên thẻ bản ghi này!

MARC

LEADER 00000nam a2200000 4500
005 20231216192829.0
008 231216b |||||||| |||| 00| 0 eng d
020 |a 8878657263 
040 |c C 
100 |a Torriglia, Gianluigi 
245 |a Diario di una puttana santa 
260 |b Libroitaliano World  |c 2008 
942 |2 ddc  |c BK  |n 0 
952 |0 0  |1 0  |2 ddc  |4 0  |6 858_800000000000000_TOR_DIA  |7 1  |9 466  |a GE  |b GE  |d 2023-12-15  |l 0  |o 858.8 TOR DIA  |p 4791  |r 2023-12-16 19:29:03  |w 2023-12-16  |y BK 
999 |c 375  |d 375